Statistics for Countries With the Lowest Suicide Rate

Click here to take the quiz!

General Stats

  • This quiz has been taken 21 times
  • The average score is 6 of 15

Answer Stats

Suicide RateCountry% Correct
2.4Indonesia
68%
2.7Brunei
58%
2.7Maldives
58%
2.4Turkey
58%
1Saint Vincent and the Grenadines
53%
2.5Algeria
47%
0.7Grenada
47%
2.4Jamaica
42%
2.2Philippines
42%
0.4Antigua and Barbuda
37%
0.6Barbados
37%
1.6Jordan
26%
2.1Honduras
21%
1.5Sao Tome And Principe
21%
2.1Venezuela
21%

Score Distribution

Percentile by Number Answered

Percent of People with Each Score

Your Score History

You have not taken this quiz